La justicia ambiental ante la jurisprudencia: Actas de las III Jornadas de Justicia Ambiental.
Salvato in:
| Altri autori: | |
|---|---|
| Natura: | Libro |
| Lingua: | spagnolo |
| Pubblicazione: |
Santiago, Chile:
DER Ediciones Limitada; Primer Tribunal Ambiental,
2022.
|
| Edizione: | Tercera edición |
| Serie: | CoEdiciones
|
| Soggetti: | |
| Tags: |
Aggiungi Tag
Nessun Tag, puoi essere il primo ad aggiungerne!!
|
MARC
| LEADER | 00000nam a2200000 4500 | ||
|---|---|---|---|
| 003 | CL-VaPUC | ||
| 005 | 20241030090618.0 | ||
| 008 | 220921t2022 ||||| |||| 00| 0 eng d | ||
| 999 | |c 438901 |d 438899 | ||
| 020 | |a 978-956-405-045-4 | ||
| 040 | |c Pontificia Universidad Católica de Valparaíso | ||
| 041 | 0 | |a spa | |
| 082 | |a 346.83046 FER 2022 | ||
| 100 | |a Ferrada Bórquez, Juan Carlos |e editor |9 886760 | ||
| 245 | 1 | 3 | |a La justicia ambiental ante la jurisprudencia: |b Actas de las III Jornadas de Justicia Ambiental. |
| 250 | |a Tercera edición | ||
| 260 | 3 | |a Santiago, Chile: |b DER Ediciones Limitada; |b Primer Tribunal Ambiental, |c 2022. | |
| 300 | |a 307 páginas. | ||
| 490 | |a CoEdiciones | ||
| 500 | |a c1. Donación Tribunal Constitucional. Memo DER 033. 12/09/2022 | ||
| 583 | |c 20200120 |k Catalogador Asistente | ||
| 650 | 0 | 0 | |a Derecho ambiental |9 257835 |
| 650 | 0 | 0 | |a Política gubernamental |9 262286 |
| 650 | 0 | 0 | |a Protección del medio ambiente |9 257626 |
| 650 | 0 | 0 | |a Daño ambiental |9 485962 |
| 942 | |2 ddc |c BK | ||
| 952 | |0 0 |1 0 |2 ddc |4 0 |6 346_830460000000000_FER_2022 |7 0 |8 A |9 586763 |a BIBDER |b BIBDER |c GEN |d 2022-09-21 |e Donación |i 5654704 |l 7 |m 2 |o 346.83046 FER 2022 |p 5654704 |r 2024-11-18 |s 2024-11-05 |t 1 |w 2022-09-21 |y BK |k DER | ||